[Event "Wch FIDE Online U12 Girls Asia qual"]
[Site "Tornelo INT"]
[Date "2020.12.11"]
[Round "2"]
[White "Mashhadi, Fatemeh"]
[Black "Enkhrii, Enkh Amgalan"]
[Result "1-0"]
[WhiteElo "1627"]
[BlackElo "1421"]
[PlyCount "71"]
[EventDate "2020.12.11"]
[EventType "swiss (rapid)"]
[EventRounds "7"]
[EventCountry "ISS"]
[SourceTitle "EXT 2022"]
[Source "ChessBase"]
[SourceDate "2021.10.06"]
[SourceVersion "1"]
[SourceVersionDate "2021.10.06"]
[SourceQuality "1"]

1. d4 Nf6 2. c4 g6 3. Nc3 Bg7 4. e4 d6 5. f3 0-0 6. Be3 e5 7. Nge2 Nbd7 8. Qd2 a5 9. d5 Nc5 10. g4 Bd7 11. Ng3 a4 12. h4 a3 13. b3 Qe7 14. h5 Rfd8 15. Qh2 Bh8 16. Qh4 c6 17. Qg5 Bg7 18. Qh4 Bh8 19. Bg5 Rf8 20. h6 Rfb8 21. Rg1 Kf8 22. Nd1 b5 23. Ne3 bxc4 24. Bxc4 Qd8 25. Kf1 Be8 26. Nef5 gxf5 27. Nh5 Ncd7 28. dxc6 Qc7 29. cxd7 Bxd7 30. Nxf6 Bb5 31. Bxb5 Rxb5 32. Nxh7+ Ke8 33. Bf6 Bxf6 34. Nxf6+ Kf8 35. h7 Kg7 36. Qg5+ 1-0